Fleuve français, rivière française ou aucun des deux ? - Statistiques

Statistiques générales
  • Ce quiz a été pris 119 fois
  • Le résultat moyen est 11 sur 20
Statistiques - réponses
Hint Réponse % Correct
Loire Fleuve
86%
Rhin Fleuve
86%
Garonne Fleuve
86%
Seine Fleuve
83%
Isère Rivière
70%
Loir Rivière
64%
Anjou Aucun des deux
62%
Oise Rivière
62%
Aube Rivière
62%
Durance Rivière
57%
Moselle Rivière
55%
Tigre Aucun des deux
52%
Yveline Aucun des deux
51%
Meuse Fleuve
48%
Saône Rivière
48%
Calvados Aucun des deux
45%
Vaucluse Aucun des deux
43%
Dordogne Fleuve
32%
Gironde Aucun des deux
30%
Aude Fleuve
23%
Aucun quiz correspondant
Distribution des résultats
% des personnes avec chaque résultat
Percentile par nombre de réponses
Votre historique - résultats
Vous n’avez pas pris ce quiz